000 01846cam a22004093a 4500
001 3116
003 FISKH
005 20240207105635.0
008 030506s2003 nyua j 000 1 eng d
010 _a 2004596446
020 _a0439409012 (pbk.) :
020 _a078073003990
035 _a(OCoLC)ocm52187406
040 _aEOW
_cEOW
_dXWS
_dOCLCQ
_dDLC
_beng
042 _alccopycat
050 0 0 _aCPB Box no. 2204 vol. 22
082 _a105
100 1 _aLanier, Bob,
_d1948-
245 1 0 _aStuck in the middle /
_cby Bob Lanier and Heather Goodyear ; illustrated by Desire Grover.
260 _aNew York :
_bScholastic,
_c2003.
300 _a71 pages :
_billustrations ;
_c20 cm
490 0 _aHey L'il D! ;
_vBook 3
500 _a"A Little apple paperback."
505 _aP
520 _aLittle Apple shoots and scores with these new early chapter books! Loosely based on NBA all-star Bob Lanier's childhood adventures, the series teaches valuable life lessons through amusing stories. Sam has always played basketball with L'il Dobber and his friends. This girl's got game. And it's really like she's just one of the guys. So the gang doesn't know what to make of it when all of a sudden Sam starts caring about make-up and clothes. And at recess, sometimes she wants to hang out and gossip with the girls! Sam is torn. She wants to chill with her new friends AND play basketball. But can she have it both ways?
521 8 _a640
_bLexile
521 8 _aP
_bRaz-Plus
650 0 _aSchools
_vFiction.
650 0 _aFriendship
_vFiction.
650 0 _aBasketball stories.
655 7 _aChildren's stories.
_2lcsh
655 7 _aSports stories.
_2lcsh
700 1 _aGoodyear, Heather.
_eAuthor
700 1 _aGrover, Desire.
_eillustrator
906 _a7
_bcbc
_ccopycat
_d2
_encip
_f20
_gy-genrareb
942 _2ddc
_cBK
_n0
999 _c3116
_d3116